00353nam a2200145Ia 4500003000400000008004100004040001600045082001300061100001700074245003900091260003000130300001000160650001500170650002200185GCL140319s9999 xx 000 0 eng d aGCL / cGCL04a843bC A1 aCARY, ROMAIN10aADIEU GARY COOPER / cCARY, ROMAIN a[S.N] : bFOLIO ، c1993 a250 P04aLITERATURE04aFRENCH LITERATURE